[Event "Lille Luce op 5th"]
[Site "Lille"]
[Date "2014.04.30"]
[Round "4"]
[White "Andriamandimbisoa, Mathieu"]
[Black "Soubirou, Oriane"]
[Result "1/2-1/2"]
[WhiteElo "1697"]
[BlackElo "2060"]
[PlyCount "38"]
[EventDate "2014.04.28"]
[EventType "swiss"]
[EventRounds "9"]
[EventCountry "FRA"]
[SourceTitle "CBM 160 Extra"]
[Source "ChessBase"]
[SourceDate "2014.07.01"]
[SourceVersion "1"]
[SourceVersionDate "2014.07.01"]
[SourceQuality "1"]

1. d4 Nf6 2. Nf3 g6 3. c4 Bg7 4. g3 d6 5. Bg2 0-0 6. 0-0 c6 7. Nc3 Qc7 8. e4 Nbd7 9. Bg5 a6 10. a4 Rb8 11. a5 h6 12. Be3 Ng4 13. Bd2 b5 14. axb6 Nxb6 15. Qe2 e5 16. dxe5 dxe5 17. Rfc1 Nd7 18. Na4 Rb3 19. Bc3 h5 1/2-1/2